| 000 | 01586nam a2200433 a 4500 | ||
|---|---|---|---|
| 001 | 22244 | ||
| 003 | CZ PrNK | ||
| 005 | 20260323145703.0 | ||
| 007 | tu | ||
| 008 | 991019s1999 xr ac g 000 f cze | ||
| 015 | _acnb000767080 | ||
| 020 |
_a8086196097 _q(váz.) |
||
| 035 | _a(OCoLC)43807642 | ||
| 040 |
_aABA001 _bcze |
||
| 041 | 1 |
_acze _heng |
|
| 072 | 7 |
_a821.111-3 _xAnglická próza, anglicky psaná _2Konspekt |
|
| 080 |
_a821.111-31 _2MRF |
||
| 080 |
_a(0:82-31) _2MRF |
||
| 100 | 1 |
_aCook, Robin, _d1940- _4aut |
|
| 245 | 1 | 0 |
_aToxin / _cRobin Cook. Měsíční svit ti sluší / Mary Higgins Clarková. Až za hrob / Dick Francis. Příslib lásky / LaVyrle Spencerová |
| 250 | _aVyd. 1. | ||
| 260 |
_aPraha : _bReader's Digest Výběr, _c1999 |
||
| 300 |
_a549 s. : _bbarev. il. a portréty ; _c20 cm |
||
| 490 | 1 | _aNejlepší světové čtení | |
| 500 | _aPřeloženo z angličtiny | ||
| 655 | 7 |
_aanglicky psané romány _2czenas |
|
| 655 | 9 |
_afiction in English _2eczenas |
|
| 700 | 1 | 2 |
_aFrancis, Dick, _d1920-2010. _tTo the hilt. _lČesky |
| 700 | 1 | 2 |
_aSpencer, LaVyrle, _d1943- _tThen came heaven. _lČesky |
| 700 | 1 | 2 |
_aClark, Mary Higgins, _d1929- _tMoonlight becomes you. _lČesky |
| 740 | 0 | 2 | _aMěsíční svit ti sluší |
| 740 | 0 | 2 | _aAž za hrob |
| 740 | 0 | 2 | _aPříslib lásky |
| 830 | 0 | _aNejlepší světové čtení (Reader's Digest Výběr) | |
| 856 | 4 | 1 |
_uhttp://krameriusndk.nkp.cz/search/handle/uuid:2f89d380-9244-11e3-a744-005056827e52 _yDigitalizovaný dokument |
| 901 |
_f1. vyd. _o19991109 |
||
| 910 | _aABA001 | ||
| 942 |
_2ddc _cKLDO _n0 |
||
| 999 |
_c22244 _d22244 |
||